| 000 | 00520nam a2200181 a 4500 | ||
|---|---|---|---|
| 001 | 3070 | ||
| 005 | 20140414131916.0 | ||
| 008 | 060131s19uu xx 00 eng d | ||
| 020 | _a0-307-10565-2 | ||
| 050 |
_aER _bJ87 1997 |
||
| 100 | _aHolly, Kate | ||
| 245 |
_aJungle cubs : _cstory by Kate Holly ; illustrated by Edwards Art. _bthe jungle race / |
||
| 260 |
_aNew York : _bA Golden Book, _c1997. |
||
| 300 | _a1 v. p. : ill. ; cm. | ||
| 440 | _aDisney's | ||
| 650 |
_aChildren stories _xFiction. |
||
| 999 |
_c111497 _d111497 |
||